Normale Ansicht MARC-Ansicht ISBD

Objazany žizn'ju / (Titelsatznr. 5079)

[ MARC ]
MARC-Details
000 -Satzkennung
Kontrollfeld mit fester Länge 00597nam a22002171c 4500
001 - Kontrollnummer
Kontrollfeld 00098359193
008 - Feld mit fester Länge zur physischen Beschreibung - Allgemeine Angaben
Kontrollfeld mit fester Länge 051003s1991 gw |||| 000u rus d
020 ## - Internationale Standardbuchnummer
Internationale Standardbuchnummer 5250008275
Verknüpfung 5-250-00827-5
041 ## - Sprachcode
Sprachcode des Textes/der Tonspur oder des separaten Titels rus
040 ## - Katalogisierungsquelle
Übertragungsstelle RU-10907106
003 - Kontrollnummer Identifier
Kontrollfeld RU-10907106
100 1# - Haupteintragung - Personenname
Personenname Mirskij, Mark B.
Koha-Normdatenidentnummer 11536
245 00 - Titel
Titel Objazany žizn'ju /
Verfasserangabe etc. M. B. Mirskij
264 ## - Produktion, Veröffentlichung, Distribution, Herstellung und Urheberrechtsvermerk
Herstellungs-, Veröffentlichungs- Vertriebs-, Erzeugungsort Moskva :
Produzent, Herausgeber, Distributor, Hersteller Izdat. Političeskoj Literatury,
Datum der Herstellung, der Veröffentlichung, des Vertriebs oder des Urheberschutzvermerks 1991
300 ## - Physische Beschreibung
Umfang 238 S.
546 ## - Fußnote zur Sprache
Sprache In kyrill. Schr., russ
650 #0 - Nebeneintragung unter einem Schlagwort - Sachschlagwort
Sachschlagwort oder geografischer Name als Eintragungselement Sanitätsdienst
Koha-Normdatenidentnummer 11537
650 #0 - Nebeneintragung unter einem Schlagwort - Sachschlagwort
Sachschlagwort oder geografischer Name als Eintragungselement Weltkrieg <1939-1945>
Koha-Normdatenidentnummer 8199
651 #0 - Nebeneintragung unter einem Schlagwort - Geografischer Name
Geografischer Name Sowjetunion
Koha-Normdatenidentnummer 127
942 ## - Zusätzliche Felder (Koha)
Koha-Medientyp Monographien
Exemplare
Ausgeschieden Verloren Klassifikation oder Aufstellungssystematik Beschädigt Nicht entleihbar Heimatbibliothek Aufenthaltsbibliothek Aufstellungsort Erwerbungsdatum Inventarnummer Signatur Barcode Letzte Aktivität Preis gültig von Koha-Medientyp
    Andere/Generische Klassifikation     MWN Osteuropa MWN Osteuropa Magazin - 2 03/10/2005 05-00763 R 63 rj Mir E00401506CBDF5B3 23/02/2021 22/03/2021 Monographien